000 00433nam a2200181Ia 4500
003 0100
008 130303s9999 xx 000 0 und d
040 _cARRUPELIB
050 _aBL1152.3.B37 1989
100 _aBasham, A.L
245 4 _aThe Origins and development of classical Hinduism
260 _aBoston, Massachusetts
260 _bBeacon Press
260 _C1989
300 _a159p.
300 _b 23 cm
942 0 0 _02
999 _c21344
_d21344